000 00638nam a2200241Ia 4500
001 40751
005 20240114003352.0
007 ta
008 080110s1950 g b000 u 098 u
040 _aCotton College,Assam
041 _a098
082 _a297
_bBe 43 Fi
100 _aSyed Ajij Hussain, Beqayee .
245 0 _aFiqrayain Islam /
_cBeqayee Syed Ajij Hussain.
_hTextual Documents
250 _a1st ed. /
260 _aDelhi :
_bGulistan ,
_c1950.
300 _a165p. ;
_c18cm.
653 _aBiography-Islamic Leader
653 _aG-Biography
942 _2ddc
_cBK
999 _c40721
_d40721